MÁV-rendelő, "civileknek" is Újszegedre, Szőregre nyitnak /

Elmentve itt :
Bibliográfiai részletek
Szerző: Kalocsai Katalin
Dokumentumtípus: Cikk
Megjelent: 1998-11-25
Sorozat:Délmagyarország 88 No. 277
Kulcsszavak:Szeged, Betegellátás rendelőintézet Szeged, Egészségügy egészségügyi intézmény orvosi rendelő, MÁV-rendelő
Online Access:http://dmarchiv.bibl.u-szeged.hu/84008
LEADER 00599nab a2200157 i 4500
001 delm84008
005 20191016115409.0
008 191016s1998 hu o 0|| hun d
040 |a SZTE Délmagyarország Archívum  |b hun 
041 |a hun 
100 1 |a Kalocsai Katalin 
245 1 0 |a MÁV-rendelő, "civileknek" is   |h [elektronikus dokumentum] :  |b Újszegedre, Szőregre nyitnak /  |c  Kalocsai Katalin 
260 |c 1998-11-25 
300 |a 1, 5 
490 0 |a Délmagyarország  |v 88 No. 277 
695 |a Szeged, Betegellátás rendelőintézet Szeged, Egészségügy egészségügyi intézmény orvosi rendelő, MÁV-rendelő